[Event "PHI-ch U10"]
[Site "San Antonio"]
[Date "2014.04.25"]
[Round "9"]
[White "Ventanilla, Billy Samuel"]
[Black "Casa, Gil Jr"]
[Result "0-1"]
[WhiteElo "1748"]
[BlackElo "1801"]
[PlyCount "160"]
[EventDate "2014.04.21"]
[EventType "swiss"]
[EventRounds "13"]
[EventCountry "PHI"]
[SourceTitle "CBM 160 Extra"]
[Source "ChessBase"]
[SourceDate "2014.07.01"]
[SourceVersion "1"]
[SourceVersionDate "2014.07.01"]
[SourceQuality "1"]

1. e4 c5 2. Nf3 d6 3. d4 cxd4 4. Nxd4 Nf6 5. Nc3 g6 6. Be3 Bg7 7. f3 0-0 8. Qd2 Nc6 9. Be2 Bd7 10. 0-0 a6 11. a4 Re8 12. Nb3 Rc8 13. a5 Be6 14. Nd4 Nxa5 15. Nxe6 fxe6 16. Rfd1 Nc6 17. Na4 Nd7 18. Bc4 Kf7 19. Bxe6+ Kf8 20. Bxd7 Qxd7 21. Nb6 Qc7 22. Nxc8 Rxc8 23. c3 Na5 24. Qd5 Nc4 25. Bc1 Qb6+ 26. Kh1 Rc7 27. Rb1 Qb3 28. Bf4 Qb6 29. Qe6 Qf2 30. Qh3 Kg8 31. b3 Ne3 32. Bxe3 Qxe3 33. c4 Kh8 34. Qe6 Be5 35. Qf7 Qh6 36. h3 Qf4 37. Qxf4 Bxf4 38. Kg1 Bg3 39. Kf1 Kg7 40. Ke2 Kf6 41. Ke3 Be5 42. Rd3 Ke6 43. h4 Bg3 44. Ke2 h5 45. Rd5 Bxh4 46. Rh1 Bf6 47. Rh3 Rc5 48. Rxc5 dxc5 49. Rh1 Bd4 50. Rh3 b5 51. cxb5 axb5 52. Rh1 Kf6 53. f4 e6 54. e5+ Kf5 55. Kf3 c4 56. Rh4 Bc5 57. g4+ hxg4+ 58. Rxg4 Be7 59. Rg1 c3 60. b4 g5 61. fxg5 Bxg5 62. Rg2 Bd2 63. Ke2 Kxe5 64. Kd3 Kd5 65. Rg8 Kc6 66. Re8 Kd7 67. Rb8 Kc6 68. Ra8 e5 69. Ra6+ Kd5 70. Rh6 e4+ 71. Kc2 Kd4 72. Rh4 Ke3 73. Rh8 Kf2 74. Rf8+ Ke1 75. Rf5 e3 76. Rxb5 Kf2 77. Re5 e2 78. b5 Be3 79. Rf5+ Kg3 80. b6 e1Q 0-1